Disney Pixar Cars 2 - Statistics

General Stats
  • This quiz has been taken 318 times
    245 since last reset
  • The average score is 16 of 81
Answer Stats
Model of Car Name % Correct
Dodge Viper SRT GTS-R Lightning McQueen
70%
Chevrolet 3600 One-Tonne Hauler Mater
65%
Porsche 911 996 Carerra Sally
64%
Peerless GT Finn McMissile
53%
Fiat 500c Luigi
52%
Hudson Hornet Doc Hudson
49%
Chevrolet Bel Air Flo
47%
Ferrari 150 F1 Francesco Bernoulli
47%
Alzo Tutto Forklift Guido
47%
McLaren 650S Coupe Lewis Hamilton
47%
Chevrolet Impala Super Sport Ramone
44%
Jeep Willys MB '69 Sarge
40%
Zundapp Janus '57 Professor Z
37%
Torchy Truck Co. Firetruck Red
35%
Ultima Evolution Coupe 3.6 Carla Veloso
34%
1985 Mack Super-Liner Mack
34%
Spania GTA Spano Miguel Camino
34%
Volkswagen Type 2 Deluxe Fillmore
32%
Jaguar XJR-15 Holley Shiftwell
32%
Corvette C6R Jeff Gorvette
32%
Ford Five Window Deluxe Coupe Lizzie
32%
Citroen C4 Rally WRC Raoul CaRoule
32%
Aston Martin DBR9 Nigel Gearsley
31%
Rolls Royce Wraith The Queen
31%
2006 Le Motor Prototype J8 Racer Shu Todoroki
30%
AMC Gremlin X Grem
28%
AMC Pacer X Acer
27%
Mercedes-AMG C63 Coupe Black Series Max Schnell
26%
Range Rover L322 Miles Axlerod
24%
Caparo T1 Rip Clutchgoneski
21%
Buick Regal GNX Chick Hicks
20%
Plymouth Superbird Strip Weathers
19%
Fiat Topolino 500B Uncle Topolino
19%
Mazda MX-5 NA Miata Mia
18%
Ferrari F430 Michael Schumacher
18%
Dodge Challenger SRT8 T/A '18 Rod 'Torque' Redline
18%
Yugo GL Victor Hugo
18%
Ford F-100 Hauler Ivan Hauler
16%
Mazda MX-5 NA Miata Tia
16%
Nissan Skyline GT-R R35 Boost
15%
Scion xB DJ
15%
Jaguar E-Type Leland Turbo
15%
Dodge Challenger Snot Rod
14%
Ford Five Window Deluxe Coupe Stanley
14%
Yugo GL Alexander Hugo
13%
Renault Fregate Dauphine Mama Topolino
13%
Reliant Robin Tomber
13%
Toyota Supra RZ Wingo
13%
Ford Mustang Boss 302 Brent Mustangburger
12%
Chevrolet Monte Carlo Darrell Cartrip
12%
Cadillac El-Dorado Biarritz Convertible Mel Dorado
12%
1972 Shyster Cremlin Otis
12%
Mercury Coupe Sherriff
12%
Avto Trunkov V-71 Vladimir Trunkov
12%
SS-E GTS Racer '07 Fernando Alonso
8%
AMC Gremlin X J. Curby Gremlin
8%
Bentley Continental GT Prince Wheeliam
7%
RAF Airseeker Siddeley
7%
Jaguar E-Type David Hobbscap
6%
Mercedes-AMG C63 Coupe Black Series Jan 'Flash' Nilsson
6%
Holden HSV ZB Commodore Mark 'Frosty' Winterbumper
5%
Mercedes-AMG C63 Coupe Black Series Long Ge
4%
Ferrari Formula MB1 '61 Mama Bernoulli
4%
2006 Microcaster Chickmonk Kei Car Suki
4%
Mercedes-AMG C63 Coupe Black Series Vitaly Petrov
4%
2006 Microcaster Chickmonk Kei Car Chuki
3%
Nissan Skyline GT-R R35 Kabuto
3%
Mercedes-AMG C63 Coupe Black Series Memo Rojas Jr
3%
Maserati Ghibli Carlo Maserati
2%
2006 Microcaster Chickmonk Kei Car Chisaki
2%
Fiat Nuova 500 Franca
2%
Fiat Nuova 500 Francesca
2%
2006 Microcaster Chickmonk Kei Car Harumi
2%
2006 Microcaster Chickmonk Kei Car Ichigo
2%
Cadillac Escalade Pinion Tanaka
2%
Scion xB Yokoza
2%
1990 Toyota Century Ito-San
1%
Cadillac Escalade Kingpin Nobunaga
1%
Hyundai Tiburon Komodo
1%
Chrysler Station Wagon '75 Lynda Weathers
1%
Land Rover Series III Sgt. Highgear
1%
No matching quizzes found
Score Distribution
Percent of People with Each Score
Percentile by Number Answered
Your Score History
You have not taken this quiz since the last reset